The compleat arbitrator (Record no. 113514)
[ view plain ]
| 000 -LEADER | |
|---|---|
| fixed length control field | 01435cam a22001815a 4500 |
| 001 - CONTROL NUMBER | |
| control field | L155370 |
| 008 - FIXED-LENGTH DATA ELEMENTS--GENERAL INFORMATION | |
| fixed length control field | 120320s1770 xxk f 000 0 eng d |
| 035 ## - SYSTEM CONTROL NUMBER | |
| System control number | (Sirsi) u155370 |
| 041 0# - LANGUAGE CODE | |
| Language code of text/sound track or separate title | eng |
| 100 1# - MAIN ENTRY--PERSONAL NAME | |
| Personal name | Bacon, Matthew |
| Dates associated with a name | fl. 1730 |
| 245 04 - TITLE STATEMENT | |
| Title | The compleat arbitrator |
| Remainder of title | or the law of awards; containing, I. Plain and easy directions to all kinds of arbitrators; what Matters may be submitted to Arbitration, and in what Manner. II. The nature and different kinds of submissions, the Parties to the Submission, and the Office and Duty of Arbitrators and Umpires. III. Of the right manner of making and delivering up awards; and how Awards have been construed in Equity. IV. The manner of making and enforcing the performance of awards, when the Submission has been made a Rule of Court; and the right Method of setting forth and pleading Awards. By Matthew Bacon, Esq; of the Middle Temple, (author of the New Abridgment of the Law, in 5 vols.) The third edition, with precedents of submissions, awards and pleadings in English; to which is added a large table of the principal matters. |
| 260 ## - PUBLICATION, DISTRIBUTION, ETC. | |
| Place of publication, distribution, etc. | London |
| Name of publisher, distributor, etc. | printed by his Majesty's law-printers; for J. Worrall and B. Tovey, at the Dove in Bell-Yard near Lincoln's Inn |
| Date of publication, distribution, etc. | MDCCLXX. [1770] |
| 300 ## - PHYSICAL DESCRIPTION | |
| Extent | vi, [6], 281, [43] p. |
| Dimensions | 8o |
| 583 ## - ACTION NOTE | |
| Action | Condition reviewed |
| Time/date of action | 20120620 |
| Status | condition level 1 |
| 651 #4 - SUBJECT ADDED ENTRY--GEOGRAPHIC NAME | |
| Geographic name | Great Britain |
| Chronological subdivision | 1707- |
| 690 ## - LOCAL SUBJECT ADDED ENTRY--TOPICAL TERM (OCLC, RLIN) | |
| Topical term or geographic name as entry element | Dispute resolution |
| 9 (RLIN) | 6236 |
| 942 ## - ADDED ENTRY ELEMENTS (KOHA) | |
| Suppress in OPAC | 0 |
| Withdrawn status | Lost status | Damaged status | Not for loan | Home library | Current library | Shelving location | Date acquired | Total Checkouts | Full call number | Barcode | Date last seen | Copy number | Price effective from | Koha item type |
|---|---|---|---|---|---|---|---|---|---|---|---|---|---|---|
| Historic collection | Historic collection | Historic collection | 20/03/2012 | PRICE OCTAVO 1770 BACON | 30075900 | 20/08/2025 | 1 | 06/08/2019 | Book |